000 01454nam0a2200325 4500
001 RU\NLR\BIBL_A\012058920
005 20191023144219.0
010 _a978-5-6042613-3-0
_9500
021 _aRU
_bКН-П-19-045671
_9КН-П-19-3337
035 _a(NLR Aleph) 012058920
035 _a(RuMoRGB)010018876
090 _a11692884
_c11692884
100 _a20190716d2019 u y0rusy50 ca
101 0 _arus
102 _aRU
105 _aa|||z|||000zy
200 1 _aРешение задач вычислительной математики на ЭВМ
_eучебное пособие
_fСухинов А. И., Чистяков А. Е., Проценко Е. А.
210 _aРостов-на-Дону
_cДГТУ-Принт
_d2019
215 _a121 с.
_cил., табл.
_d21
320 _aБиблиогр.: с. 104-112 (93 назв.)
606 1 _aВычислительная математика на компьютерах
_jУчебные издания для высших учебных заведений
_2nlr_sh2
_3RU\NLR\AUTH\661305172
686 1 _aВ192с116я73-1
700 1 _aСухинов
_bА. И.
_gАлександр Иванович
701 1 _aЧистяков
_bА. Е.
_gАлександр Евгеньевич
701 1 _aПроценко
_bЕ. А.
_gЕлена Анатольевна
942 _cBOOK
980 _aNBR
980 _aNB